Library Banner

Memory skills in business (Record no. 14155)

MARC details
000 -LEADER
fixed length control field 00397nam a2200169Ia 4500
001 - CONTROL NUMBER
control field 13486
008 - FIXED-LENGTH DATA ELEMENTS--GENERAL INFORMATION
fixed length control field 140402s9999 xx 000 0 und d
020 ## - INTERNATIONAL STANDARD BOOK NUMBER
International Standard Book Number 0-931961-56-4
040 ## - CATALOGING SOURCE
Transcribing agency PK-LaUMT
082 ## - DEWEY DECIMAL CLASSIFICATION NUMBER
Classification number 658.409
Item number BUR-M
100 ## - MAIN ENTRY--PERSONAL NAME
Personal name Burley-Allen, Madelyn
245 ## - TITLE STATEMENT
Title Memory skills in business
Statement of responsibility, etc Burley-Allen, Madelyn
260 ## - PUBLICATION, DISTRIBUTION, ETC. (IMPRINT)
Date of publication, distribution, etc 1988
300 ## - PHYSICAL DESCRIPTION
Extent 64 p.
546 ## - LANGUAGE NOTE
Language note EN
942 ## - ADDED ENTRY ELEMENTS (KOHA)
Koha item type Books
Holdings
Withdrawn status Lost status Damaged status Not for loan Home library Current library Date acquired Total Checkouts Full call number Barcode Date last seen Date checked out Price effective from Koha item type
        UMT Main Campus UMT Main Campus 2014-04-02 1 658.409 BUR-M 15215 2025-05-22 2025-04-28 2014-04-21 Books